000 01568nam0a2200325 4500
001 RU\NLR\bibl\1127034
005 20260405140445.0
021 _aRU
_b2007-51282
_92713
035 _a(nilc)RSL-KNO-003151964
035 _a(NLR Aleph) 001113971
090 _a1255860
_c1255860
100 _a20070813d2007 |||y0rusy50 ca
101 0 _arus
102 _aRU
105 _ay |||||||||
200 1 _aРадостная весть
_eЕвангелие от Луки
_fМайлис Янатуйнен
210 _aСанкт-Петербург
_cБиблия для всех
_d2007
215 _a60,[2] с.
_d20
606 1 _aЕвангелизация
_92082319
_3RU\NLR\auth\661258340
610 0 _aРелигия -- Христианство -- Библия -- Новый Завет -- Тексты Нового Завета. Исследование, критика и толкование текстов Нового Завета -- Тексты и исследование текстов отдельных книг Нового Завета -- Канонические книги Нового Завета -- Евангелия. Четвероевангелие -- Евангелие от Луки
686 _aЭ37-220.911.33,0
_2rubbk
686 _aЭ376,0
700 1 _4070
_8rus
_7ca
_aЯнатуйнен
_bМ.
_f1949-
_gМайлис
_3RU\NLR\auth\7756675
_939607
801 0 _aRU
_bРКП
_c20070813
_grcr
801 1 _aRU
_bРГБ
_c20070813
801 2 _aRU
_bNLR
_c20070912
_grcr
942 _cBOOK
980 _aNB